| 000 | 00622nam a2200193 i 4500 | ||
|---|---|---|---|
| 001 | 69819 | ||
| 003 | ES-MaACL | ||
| 005 | 20250829124024.0 | ||
| 007 | t| | ||
| 008 | 040712s1977 sp |||| | spa d | ||
| 100 | 1 |
_aGarcía Hoz, Víctor. _954777 |
|
| 245 | 1 | 0 |
_aEstudios experimentales sobre el vocabulario / _cVíctor García Hoz. |
| 260 |
_aMadrid : _bInstituto de Pedagogía "San José de Calasanz", _c1977. |
||
| 300 |
_a122 p. ; _c24 cm. |
||
| 650 | 4 |
_aEstudiantes- _xLenguaje. _9163176 |
|
| 710 | 2 |
_aInstituto San José de Calasanz de Pedagogía _9163009 |
|
| 852 |
_aES-MaACL _jA-8203 |
||
| 999 |
_c69819 _d69819 |
||